How to make the rest of your life the best of your life / (Record no. 17662)

000 -LEADER
fixed length control field 02066cam a22003734a 4500
001 - CONTROL NUMBER
control field 14351490
003 - CONTROL NUMBER IDENTIFIER
control field OkBaRHE
005 - DATE AND TIME OF LATEST TRANSACTION
control field 20110511115441.0
008 - FIXED-LENGTH DATA ELEMENTS--GENERAL INFORMATION
fixed length control field 060424s2006 tnua b 000 0 eng
010 ## - LIBRARY OF CONGRESS CONTROL NUMBER
LC control number 2006013614
020 ## - INTERNATIONAL STANDARD BOOK NUMBER
International Standard Book Number 0785218904 (hardcover)
020 ## - INTERNATIONAL STANDARD BOOK NUMBER
International Standard Book Number 9780785218906
035 ## - SYSTEM CONTROL NUMBER
System control number (OCoLC)ocm67922103
040 ## - CATALOGING SOURCE
Original cataloging agency DLC
Transcribing agency DLC
Modifying agency YDX
-- BAKER
-- IH9
-- GK8
-- DLC
042 ## - AUTHENTICATION CODE
Authentication code pcc
050 00 - LIBRARY OF CONGRESS CALL NUMBER
Classification number HQ 1061
Item number .H366
082 00 - DEWEY DECIMAL CLASSIFICATION NUMBER
Classification number 646.7/9
Edition number 22
100 1# - MAIN ENTRY--PERSONAL NAME
Personal name Hansen, Mark Victor.
9 (RLIN) 577
245 10 - TITLE STATEMENT
Title How to make the rest of your life the best of your life /
Statement of responsibility, etc Mark Victor Hansen and Art Linkletter.
260 ## - PUBLICATION, DISTRIBUTION, ETC. (IMPRINT)
Place of publication, distribution, etc Nashville, Tenn. :
Name of publisher, distributor, etc Nelson Books,
Date of publication, distribution, etc c2006.
300 ## - PHYSICAL DESCRIPTION
Extent xx, 295 p. :
Other physical details ill. ;
Dimensions 24 cm.
504 ## - BIBLIOGRAPHY, ETC. NOTE
Bibliography, etc Includes bibliographical references.
505 0# - FORMATTED CONTENTS NOTE
Formatted contents note The eight great myths about growing old -- Final score : lifestyle 70, genes 30 -- It's who you know -- Work & money or the only thing you should re-tire is your car -- Body or never let anyone help you out of a chair -- Mind or are you "sageing" or aging -- Sex or still enjoying it while everybody else is just talking about it -- Spirituality or plugging into a higher power -- Attitude or be regretless -- Creativity or what Grandma Moses got that you ain't got? -- Purpose or they don't need preachers in heaven -- Age is wasted on the old.
650 #0 - SUBJECT ADDED ENTRY--TOPICAL TERM
Topical term or geographic name as entry element Older people
Form subdivision Life skills guides.
9 (RLIN) 578
650 #0 - SUBJECT ADDED ENTRY--TOPICAL TERM
Topical term or geographic name as entry element Aging
General subdivision Psychological aspects.
9 (RLIN) 579
650 #0 - SUBJECT ADDED ENTRY--TOPICAL TERM
Topical term or geographic name as entry element Old age
General subdivision Social aspects.
9 (RLIN) 580
700 1# - ADDED ENTRY--PERSONAL NAME
Personal name Linkletter, Art,
Dates associated with a name 1912-2010.
9 (RLIN) 581
856 41 - ELECTRONIC LOCATION AND ACCESS
Materials specified Table of contents
Uniform Resource Identifier http://www.loc.gov/catdir/toc/ecip0613/2006013614.html
856 42 - ELECTRONIC LOCATION AND ACCESS
Materials specified Publisher description
Uniform Resource Identifier http://www.loc.gov/catdir/enhancements/fy0659/2006013614-d.html
906 ## - LOCAL DATA ELEMENT F, LDF (RLIN)
a 7
b cbc
c orignew
d 1
e ecip
f 20
g y-gencatlg
942 ## - ADDED ENTRY ELEMENTS (KOHA)
Source of classification or shelving scheme
Koha item type Books
Copies
Not for loan Withdrawn status Source of classification or shelving scheme Price effective from Barcode Permanent Location Full call number Shelving location Damaged status Date acquired Lost status Current Location Date last seen Koha item type
   2011-01-2600021900RHEMA Bible Training CollegeHQ 1061 .H366General Stacks 2011-01-26 RHEMA Bible Training College2011-05-11Books